| Tag |
First Indicator |
Second Indicator |
Subfields |
| LEADER |
00000caa a2200000 a 4500 |
| 001 |
in00000423213 |
| 005 |
20151012054121.0 |
| 008 |
860825s1940 dcuaf b 00010 eng |
| 010 |
|
|
|a 41007888
|
| 035 |
|
|
|a (OCoLC)14137451
|
| 035 |
|
|
|9 ABU6637AM
|
| 040 |
|
|
|a DLC
|c TXA
|d UtOrBLW
|
| 049 |
|
|
|a TXAM
|c [A09365072]
|
| 050 |
0 |
0 |
|a QM601
|b .C3 v. 28, no. 175
|
| 100 |
1 |
|
|a Boyden, Edward A.
|
| 245 |
1 |
2 |
|a A volumetric analysis of young human embryos of the 10- and 12-somite stage /
|c by Edward A. Boyden.
|
| 300 |
|
|
|a pages 159-191, 4 leaves of plates :
|b illustrations (some color) ;
|c 29 cm.
|
| 336 |
|
|
|a text
|b txt
|2 rdacontent
|
| 337 |
|
|
|a unmediated
|b n
|2 rdamedia
|
| 338 |
|
|
|a volume
|b nc
|2 rdacarrier
|
| 490 |
1 |
|
|a Carnegie Institution of Washington publication ;
|v no. 518
|
| 504 |
|
|
|a Bibliography: pages 190-191.
|
| 650 |
|
0 |
|a Embryology, Human.
|
| 773 |
0 |
|
|7 c2as
|a Carnegie Institution of Washington.
|t Contributions to embryology.
|d Washington, D.C. : Carnegie Institution of Washington, 1940.
|g v. 28, no. 175.
|w (OCoLC) 1553398.
|
| 830 |
|
0 |
|a Contributions to embryology ;
|v v. 28, no. 175.
|
| 830 |
|
0 |
|a Carnegie Institution of Washington publication ;
|v 518.
|
| 999 |
|
|
|a MARS
|
| 999 |
f |
f |
|s 4a73ab55-f294-363c-b50a-4d622c5c627e
|i 5c3e7bae-a317-3886-9e39-8369ee8e2be7
|t 0
|
| 952 |
f |
f |
|p normal
|a Texas A&M University
|b College Station
|c Sterling C. Evans Library
|d Evans: Library Stacks
|t 0
|e QM601 .C3 vol. 28, no. 170
|h Library of Congress classification
|i unmediated -- volume
|m A14809364822
|
| 952 |
f |
f |
|a Texas A&M University
|b College Station
|c Sterling C. Evans Library
|d Evans: Library Stacks
|t 0
|e QM601 .C3 vol. 28, no. 170
|h Library of Congress classification
|
| 998 |
f |
f |
|a QM601 .C3 vol. 28, no. 170
|t 0
|l Evans: Library Stacks
|